BIBLIOTECA

Normal view MARC view
  • JUEGOS OLIMPICOS

Entry Término temático

Number of records used in: 2

001 - NÚMERO DE CONTROL

  • campo de control: 14721

003 - IDENTIFICADOR DEL NÚMERO DE CONTROL

  • campo de control: AR-SiUPM

005 - FECHA Y HORA DE LA ÚLTIMA TRANSACCIÓN

  • campo de control: 20260423101457.0

008 - DATOS DE LONGITUD FIJA

  • campo de control de longitud fija: 260423|| aca||aabn | a|a d

040 ## - FUENTE DE LA CATALOGACIÓN

  • Centro catalogador/agencia de origen: AR-SiUPM
  • Centro/agencia transcriptor: AR-SiUPM

150 ## - ENCABEZAMIENTO--TÉRMINO DE MATERIA

  • Término de materia o nombre geográfico como elemento de entrada: JUEGOS OLIMPICOS

670 ## - FUENTE DE DATOS ENCONTRADOS

  • Cita de la fuente: Work cat.: (AR-SiUPM)9074: Rodríguez, Martín 14545, Historia de las participaciones argentinas en los Juegos Olímpicos, 2016